[Event "Manaus P10 Challenge 4th"]
[Site "Manaus"]
[Date "2023.12.10"]
[Round "8"]
[White "De Oliveira, Victor Gabriel C"]
[Black "Samuel, Mauricio Antonio So"]
[Result "1-0"]
[WhiteElo "2139"]
[BlackElo "1684"]
[PlyCount "63"]
[EventDate "2023.12.01"]
[EventType "tourn"]
[EventRounds "9"]
[EventCountry "BRA"]
[SourceTitle "CB51_2023"]
[SourceDate "2023.12.20"]
[SourceVersion "1"]
[SourceVersionDate "2023.12.20"]
[SourceQuality "1"]

1. e4 c6 2. d4 d5 3. Nc3 dxe4 4. Nxe4 Nd7 5. Nf3 Ngf6 6. Ng3 Qc7 7. Bd3 c5 8. 0-0 e6 9. Re1 Bd6 10. Nf5 0-0 11. Nxd6 Qxd6 12. dxc5 Qxc5 13. Bf4 Nd5 14. Bg3 b5 15. Qe2 a6 16. Ng5 N5f6 17. Nxh7 Rd8 18. Nxf6+ Nxf6 19. Be5 Bb7 20. Rad1 Qc6 21. f3 Rd5 22. Bxf6 gxf6 23. Be4 Qb6+ 24. Qf2 Qxf2+ 25. Kxf2 Rxd1 26. Rxd1 Bxe4 27. fxe4 Rc8 28. c3 Rc6 29. Ke3 Kg7 30. Rd4 Kg6 31. a4 bxa4 32. Rxa4 1-0

[Event "Manaus op 2nd"]
[Site "Manaus"]
[Date "2023.10.15"]
[Round "7"]
[White "De Oliveira, Victor Gabriel C"]
[Black "Arenillas Nahuel, Oliveira"]
[Result "1-0"]
[WhiteElo "2172"]
[BlackElo "1908"]
[PlyCount "53"]
[EventDate "2023.10.11"]
[EventType "swiss"]
[EventRounds "9"]
[EventCountry "BRA"]
[SourceTitle "Mega2024 Update 01"]
[Source "Chessbase"]
[SourceDate "2023.11.12"]
[SourceVersion "1"]
[SourceVersionDate "2023.11.12"]
[SourceQuality "1"]

1. e4 c6 2. d4 d5 3. exd5 cxd5 4. c4 Nf6 5. Nc3 e6 6. cxd5 Nxd5 7. Nf3 Be7 8. Bd3 Nxc3 9. bxc3 Qc7 10. 0-0 Nd7 11. Re1 Nf6 12. Rb1 0-0 13. Ne5 b6 14. Rb3 Bb7 15. c4 g6 16. Qe2 Nd7 17. Ng4 Nf6 18. Nh6+ Kg7 19. d5 Bd6 20. Bb2 e5 21. Qe3 Rae8 22. Nf5+ Kh8 23. Nxd6 Qxd6 24. Ba3 Qd7 25. Bxf8 Rxf8 26. Qxe5 Kg7 27. Qd4 1-0

[Event "Manaus op 2nd"]
[Site "Manaus"]
[Date "2023.10.11"]
[Round "1"]
[White "De Oliveira, Victor Gabriel C"]
[Black "De Almeida, Olivan Duarte"]
[Result "1-0"]
[WhiteElo "2172"]
[BlackElo "1452"]
[PlyCount "37"]
[EventDate "2023.10.11"]
[EventType "swiss"]
[EventRounds "9"]
[EventCountry "BRA"]
[SourceTitle "Mega2024 Update 01"]
[Source "Chessbase"]
[SourceDate "2023.11.12"]
[SourceVersion "1"]
[SourceVersionDate "2023.11.12"]
[SourceQuality "1"]

1. e4 e5 2. Nf3 Nf6 3. Nxe5 Qe7 4. d4 d6 5. Nf3 Qxe4+ 6. Be2 d5 7. 0-0 Bd6 8. Bb5+ Kf8 9. Re1 Qg6 10. Qe2 c6 11. Bd3 Qg4 12. h3 Qh5 13. Bf4 Bb4 14. c3 g5 15. Bxg5 Ne4 16. Bxe4 dxe4 17. Qxe4 Bd6 18. Qe8+ Kg7 19. Bf6+ 1-0

[Event "Manaus Expert op"]
[Site "Manaus"]
[Date "2023.09.23"]
[Round "2"]
[White "De Oliveira, Victor Gabriel C"]
[Black "Portela, Flavio de Oliveira"]
[Result "1-0"]
[WhiteElo "2169"]
[BlackElo "1453"]
[PlyCount "55"]
[EventDate "2023.09.22"]
[EventType "swiss"]
[EventRounds "5"]
[EventCountry "BRA"]
[SourceTitle "EXT 2024"]
[Source "ChessBase"]
[SourceDate "2023.10.10"]
[SourceVersion "1"]
[SourceVersionDate "2023.10.10"]
[SourceQuality "1"]

1. e4 c5 2. Nf3 d6 3. d4 cxd4 4. Nxd4 Nf6 5. Nc3 a6 6. h3 Qc7 7. g4 Nfd7 8. Nd5 Qd8 9. c4 Nc6 10. Be3 e6 11. Nc3 Be7 12. Qd2 Rb8 13. Be2 h6 14. 0-0 Nce5 15. f4 Ng6 16. Bd3 Nc5 17. Bc2 e5 18. Nf5 0-0 19. Nxe7+ Qxe7 20. f5 Nh8 21. f6 gxf6 22. Nd5 Qd8 23. Nxf6+ Qxf6 24. Rxf6 Ne6 25. Bxh6 Re8 26. Rxe6 Bxe6 27. Qg5+ Ng6 28. Qf6 1-0

[Event "Manaus Amazonense Cup"]
[Site "Manaus"]
[Date "2022.12.10"]
[Round "6"]
[White "De Oliveira, Victor Gabriel C"]
[Black "De Souza, David Barroso"]
[Result "0-1"]
[WhiteElo "2180"]
[BlackElo "1977"]
[PlyCount "76"]
[EventDate "2022.12.03"]
[EventType "swiss"]
[EventRounds "7"]
[EventCountry "BRA"]
[SourceTitle "EXT 2024"]
[Source "ChessBase"]
[SourceDate "2023.10.10"]
[SourceVersion "1"]
[SourceVersionDate "2023.10.10"]
[SourceQuality "1"]

1. e4 c5 2. Nf3 d6 3. d4 cxd4 4. Nxd4 Nf6 5. Nc3 a6 6. h3 Qc7 7. g4 h6 8. Bg2 e6 9. Nde2 b5 10. Ng3 Bb7 11. 0-0 b4 12. Na4 d5 13. Be3 Nbd7 14. c3 Bd6 15. f4 Nxe4 16. Nxe4 dxe4 17. Rc1 b3 18. Qxb3 Nc5 19. Nxc5 Bxc5 20. Bxc5 Qxc5+ 21. Kh1 Bc6 22. Qc2 f5 23. b4 Qc4 24. Rfd1 Rd8 25. Rxd8+ Kxd8 26. Rd1+ Ke7 27. Rd4 Qb5 28. gxf5 exf5 29. Qf2 g5 30. a4 Qb8 31. fxg5 Qe5 32. b5 axb5 33. axb5 e3 34. Qe2 Bxb5 35. Qe1 hxg5 36. Qa1 e2 37. Qa7+ Kf6 38. Qb6+ Qe6 0-1

[Event "Manaus Amazonense Cup"]
[Site "Manaus"]
[Date "2022.12.03"]
[Round "1"]
[White "Ordozgoite, Gabriel Bento"]
[Black "De Oliveira, Victor Gabriel C"]
[Result "0-1"]
[WhiteElo "1683"]
[BlackElo "2180"]
[PlyCount "50"]
[EventDate "2022.12.03"]
[EventType "swiss"]
[EventRounds "7"]
[EventCountry "BRA"]
[SourceTitle "EXT 2024"]
[Source "ChessBase"]
[SourceDate "2023.10.10"]
[SourceVersion "1"]
[SourceVersionDate "2023.10.10"]
[SourceQuality "1"]

1. Nf3 Nf6 2. d4 e6 3. c4 d5 4. g3 Bb4+ 5. Bd2 a5 6. Bg2 0-0 7. 0-0 Be7 8. Bf4 dxc4 9. Ne5 Nd5 10. e4 Nxf4 11. gxf4 b5 12. Ng4 Bb7 13. Ne3 Nc6 14. d5 Nb4 15. Nc3 Nd3 16. Nxb5 Nxf4 17. Bh1 exd5 18. exd5 Ra6 19. Be4 Rh6 20. Nf5 Rg6+ 21. Ng3 Rg5 22. d6 Bxe4 23. f3 Bd3 24. dxe7 Qxe7 25. Re1 Qc5+ 0-1

[Event "Amazonas-ch Absoluto"]
[Site "Manaus"]
[Date "2021.12.04"]
[Round "1"]
[White "De Oliveira, Victor Gabriel C"]
[Black "Mesquita, Eduardo Barbosa"]
[Result "0-1"]
[WhiteElo "2206"]
[BlackElo "1789"]
[PlyCount "104"]
[EventDate "2021.12.04"]
[EventType "k.o."]
[EventRounds "7"]
[EventCountry "BRA"]
[SourceTitle "EXT 2023"]
[Source "ChessBase"]
[SourceDate "2022.10.05"]
[SourceVersion "1"]
[SourceVersionDate "2022.10.05"]
[SourceQuality "1"]

1. e4 c5 2. Nf3 d6 3. c4 Nf6 4. Nc3 Nc6 5. d4 cxd4 6. Nxd4 e6 7. Nc2 Be7 8. Be2 0-0 9. 0-0 a6 10. b3 Rb8 11. a4 Qc7 12. Bf4 Nd7 13. Rb1 Nce5 14. Qd2 Rd8 15. Ne3 Bf6 16. Rfc1 b6 17. Bg3 Bb7 18. b4 Nf8 19. f3 Nfg6 20. Bf1 Qe7 21. Bf2 Bg5 22. Qa2 Qf6 23. Rb2 Nf4 24. Rd1 h5 25. Qb3 Qg6 26. Kh1 Rd7 27. Rbd2 Rbd8 28. Nc2 Nh3 29. gxh3 Bxd2 30. Rxd2 Nxf3 31. Rd3 Ne5 32. Re3 Qf6 33. Re2 Nd3 34. Kg1 Qg6+ 35. Bg2 f5 36. Rd2 fxe4 37. Qb1 Rf8 38. Bg3 h4 39. Bxh4 d5 40. cxd5 exd5 41. Ne1 Qh6 42. Qd1 Qxh4 43. Nxd3 exd3 44. Rxd3 Qf2+ 45. Kh1 Re7 46. Ne4 dxe4 47. Rd2 Qf4 48. Rd4 Qf5 49. Qb3+ Kh8 50. Qe3 Qf2 51. Qc3 e3 52. Rg4 Qf1# 0-1

[Event "Florianopolis op 6th"]
[Site "Florianopolis"]
[Date "2020.01.25"]
[Round "8"]
[White "De Oliveira, Victor Gabriel C"]
[Black "Correa, Jose Augusto"]
[Result "1-0"]
[WhiteElo "2146"]
[BlackElo "1870"]
[PlyCount "56"]
[EventDate "2020.01.20"]
[EventType "swiss"]
[EventRounds "10"]
[EventCountry "BRA"]
[SourceTitle "CBM 194 Extra"]
[Source "ChessBase"]
[SourceDate "2020.03.31"]
[SourceVersion "1"]
[SourceVersionDate "2020.03.31"]
[SourceQuality "1"]

1. e4 c5 2. Nf3 g6 3. d4 cxd4 4. Qxd4 Nf6 5. Nc3 Nc6 6. Qa4 d6 7. e5 dxe5 8. Nxe5 Bd7 9. Nxd7 Nxd7 10. Be3 Bg7 11. Rd1 0-0 12. h4 Qc7 13. h5 Nb6 14. Qh4 Bf6 15. Qh3 Nb4 16. Bd3 Bxc3+ 17. bxc3 Qxc3+ 18. Kf1 N6d5 19. Bd2 Qg7 20. hxg6 fxg6 21. Bc4 Qf7 22. Qh4 Rac8 23. Bb3 Rc7 24. Rh3 e6 25. Rf3 Qg7 26. Rxf8+ Qxf8 27. Bxb4 Qxb4 28. Qd8+ Kg7 1-0

[Event "Florianopolis op 6th"]
[Site "Florianopolis"]
[Date "2020.01.21"]
[Round "2"]
[White "De Oliveira, Victor Gabriel C"]
[Black "Vazquez, Guillermo"]
[Result "0-1"]
[WhiteElo "2146"]
[BlackElo "2510"]
[PlyCount "102"]
[EventDate "2020.01.20"]
[EventType "swiss"]
[EventRounds "10"]
[EventCountry "BRA"]
[SourceTitle "CBM 194 Extra"]
[Source "ChessBase"]
[SourceDate "2020.03.31"]
[SourceVersion "1"]
[SourceVersionDate "2020.03.31"]
[SourceQuality "1"]

1. Nf3 Nf6 2. c4 e6 3. e3 b6 4. b3 Bb7 5. Bb2 d5 6. Nc3 Nbd7 7. d4 Bd6 8. cxd5 exd5 9. Bd3 0-0 10. 0-0 a6 11. Rc1 Qe7 12. Ne2 Ne4 13. Nf4 g5 14. Nh5 f5 15. Qc2 c6 16. Qe2 a5 17. Rc2 Rae8 18. Rfc1 g4 19. Ne5 Nxe5 20. dxe5 Bxe5 21. Bxe5 Qxe5 22. Nf4 c5 23. Bxe4 Qxe4 24. Qd2 Rd8 25. Re1 Rfe8 26. Rcc1 Kf7 27. Rcd1 d4 28. exd4 Rxd4 29. Rxe4 Rxd2 30. Rxd2 Rxe4 31. h4 Ke7 32. Ne2 Bc6 33. Ng3 Re5 34. Nh5 a4 35. Kh2 axb3 36. axb3 Bd5 37. Rd3 Bf7 38. Nf4 Re4 39. Nd5+ Bxd5 40. Rxd5 Ke6 41. Rd3 b5 42. Rd8 Rb4 43. Rh8 Rxb3 44. Rxh7 Kf6 45. Rc7 Rc3 46. Rc6+ Kg7 47. f3 gxf3 48. gxf3 b4 49. Kg3 b3 50. Kf4 b2 51. Rb6 Rc4+ 0-1

[Event "Amazonense-ch"]
[Site "Manaus"]
[Date "2018.12.??"]
[Round "3"]
[White "De Oliveira, Victor Gabriel C"]
[Black "Souza Neves, Andrey Marcelo"]
[Result "1-0"]
[WhiteElo "2109"]
[BlackElo "2086"]
[PlyCount "75"]
[EventDate "2018.12.01"]
[EventType "match"]
[EventRounds "9"]
[EventCountry "BRA"]
[SourceTitle "EXT 2022"]
[Source "ChessBase"]
[SourceDate "2021.10.06"]
[SourceVersion "1"]
[SourceVersionDate "2021.10.06"]
[SourceQuality "1"]

1. d4 Nf6 2. c4 e6 3. Nf3 d5 4. g3 c6 5. Bg2 Nbd7 6. Qc2 Be7 7. 0-0 0-0 8. b3 Ne4 9. Bb2 f5 10. e3 Qe8 11. Ne5 Nxe5 12. dxe5 Qh5 13. Nd2 Bd7 14. Rad1 Qh6 15. Nxe4 fxe4 16. Bxe4 Be8 17. Bg2 Bh5 18. Rd4 g5 19. g4 c5 20. Rd2 Bxg4 21. cxd5 Bf3 22. Bxf3 Rxf3 23. d6 Bd8 24. Qe4 Rf7 25. f4 Qg6 26. f5 Qh5 27. Rdf2 Ba5 28. fxe6 Rxf2 29. Rxf2 Rf8 30. Rxf8+ Kxf8 31. Qf5+ Kg8 32. e7 Qd1+ 33. Kf2 Qe1+ 34. Kf3 Qf1+ 35. Kg4 Qg2+ 36. Kh5 Qxh2+ 37. Kxg5 h6+ 38. Kf6 1-0

[Event "BRA-ch 85th sf Reg2"]
[Site "Manaus"]
[Date "2018.11.03"]
[Round "5"]
[White "De Oliveira, Victor Gabriel C"]
[Black "Souza, Rafael Cabral de"]
[Result "0-1"]
[WhiteElo "2102"]
[BlackElo "2138"]
[PlyCount "27"]
[EventDate "2018.11.01"]
[EventType "swiss"]
[EventRounds "7"]
[EventCountry "BRA"]
[SourceTitle "CBM 189 Extra"]
[Source "ChessBase"]
[SourceDate "2019.06.03"]
[SourceVersion "1"]
[SourceVersionDate "2019.06.03"]
[SourceQuality "1"]

1. d4 g6 2. g3 d6 3. b3 e5 4. dxe5 dxe5 5. h3 Bf5 6. Ba3 Bxh3 7. Bxh3 c6 8. Rh2 h5 9. Rg2 c5 10. Rh2 e4 11. f3 Bh6 12. g4 Bf4 13. Rf2 Be5 14. g5 0-1

[Event "Manaus Regional Norte-ch"]
[Site "Manaus"]
[Date "2018.10.14"]
[Round "7"]
[White "Souza Neves, Andrey Marcelo"]
[Black "De Oliveira, Victor Gabriel C"]
[Result "1/2-1/2"]
[WhiteElo "2086"]
[BlackElo "2103"]
[PlyCount "126"]
[EventDate "2018.10.11"]
[EventType "swiss"]
[EventRounds "7"]
[EventCountry "BRA"]
[SourceTitle "CBM 186 Extra"]
[Source "ChessBase"]
[SourceDate "2018.08.24"]
[SourceVersion "1"]
[SourceVersionDate "2018.08.24"]
[SourceQuality "1"]

1. e4 e6 2. d4 d5 3. Nc3 dxe4 4. Nxe4 Nd7 5. Nf3 Ngf6 6. Nxf6+ Nxf6 7. Bd3 Be7 8. Qe2 0-0 9. Bd2 b6 10. 0-0-0 Bb7 11. c3 Qc8 12. Ne5 c5 13. dxc5 Qxc5 14. f4 Rad8 15. Bc2 Qd5 16. Bb3 Qxg2 17. Qxg2 Bxg2 18. Rhg1 Bb7 19. Rde1 Bc5 20. f5 Bxg1 21. Rxg1 exf5 22. Bh6 Ng4 23. Nxg4 fxg4 24. Rxg4 g6 25. Bxf8 Kxf8 26. Ra4 a5 27. Rc4 Rd7 28. Ba4 Re7 29. Rd4 Re4 30. Rd8+ Kg7 31. Bb3 a4 32. Bc2 Re1+ 33. Kd2 Rh1 34. Bxa4 Rxh2+ 35. Ke3 Rh3+ 36. Kd2 Rf3 37. Rb8 Bd5 38. Rxb6 Bxa2 39. b3 h5 40. Rb4 g5 41. Bc6 Rf6 42. Bd5 g4 43. c4 g3 44. Ke3 Rf5 45. Bg2 h4 46. Bh3 Rf2 47. c5 Rc2 48. Rc4 Rxc4 49. bxc4 Bxc4 50. c6 Ba6 51. c7 Kg6 52. c8Q Bxc8 53. Bxc8 f5 54. Kf3 Kf6 55. Bd7 Ke5 56. Bc8 Kf6 57. Bd7 Kg5 58. Bc8 Kg6 59. Bd7 Kf6 60. Bc8 f4 61. Bh3 Kg5 62. Bf1 Kf6 63. Bh3 Ke7 1/2-1/2